[Event "Vojvodina-ch 1st"]
[Site "Novi Sad"]
[Date "2010.07.25"]
[Round "1"]
[White "Radlovacki, Jovan"]
[Black "Kolakovski, Ivica"]
[Result "1-0"]
[WhiteElo "2403"]
[BlackElo "2039"]
[PlyCount "57"]
[EventDate "2010.07.25"]
[EventType "swiss"]
[EventRounds "9"]
[EventCountry "YUG"]
[SourceTitle "CBM 137 Extra"]
[Source "ChessBase"]
[SourceDate "2010.09.01"]
[SourceVersion "1"]
[SourceVersionDate "2010.09.01"]
[SourceQuality "1"]

1. e4 c6 2. Nf3 d5 3. Nc3 e6 4. d4 Nd7 5. Bd3 Be7 6. 0-0 a6 7. Qe2 b5 8. Bf4 Bb7 9. Rfe1 Nb6 10. Rad1 Nf6 11. e5 Nfd7 12. Nb1 Nc4 13. c3 Ndb6 14. Bc1 h6 15. b3 Na5 16. h3 g5 17. Nh2 h5 18. Nf1 Kd7 19. Ng3 h4 20. Nf1 Qg8 21. Nh2 Kc7 22. Ba3 Bxa3 23. Nxa3 Qf8 24. Nc2 Qe7 25. Rf1 Rag8 26. Ng4 Nd7 27. f4 f5 28. exf6 Nxf6 29. Qe5+ 1-0

[Event "CRO-chT3 East-A"]
[Site "Croatia"]
[Date "2005.04.03"]
[Round "3.2"]
[White "Zubak, Zeljko"]
[Black "Kolakovski, Ivica"]
[Result "1/2-1/2"]
[WhiteElo "2132"]
[BlackElo "2057"]
[PlyCount "85"]
[EventDate "2005.03.13"]
[EventType "team-tourn"]
[EventRounds "11"]
[EventCountry "CRO"]
[SourceTitle "EXT 2007"]
[Source "ChessBase"]
[SourceDate "2006.11.23"]
[SourceVersion "1"]
[SourceVersionDate "2006.11.23"]
[SourceQuality "1"]
[WhiteTeam "Gornji Bogicevci"]
[BlackTeam "Rusevica"]
[WhiteTeamCountry "CRO"]
[BlackTeamCountry "CRO"]

1. e4 c6 2. d4 d5 3. e5 Bf5 4. Bd3 Bxd3 5. Qxd3 Qb6 6. f4 e6 7. Ne2 c5 8. c3 Nc6 9. Nd2 Rc8 10. Nf3 cxd4 11. Nexd4 Bc5 12. 0-0 Nge7 13. Be3 0-0 14. b4 Bxd4 15. Nxd4 Nxd4 16. Bxd4 Qc7 17. Bc5 Rfd8 18. Bxe7 Qxe7 19. f5 Qc7 20. fxe6 fxe6 21. Qh3 Re8 22. Rf3 Qxe5 23. Re3 Qd6 24. Rae1 Rc6 25. Qh5 Rf8 26. Rh3 h6 27. Rg3 Rf6 28. Qg4 Qf8 29. a4 Rc4 30. Qe2 Rcf4 31. Re3 Rf2 32. Qd3 Qf7 33. c4 dxc4 34. Qxc4 Qg6 35. Qc8+ Kh7 36. Qxb7 Rb2 37. Qe4 Qxe4 38. Rxe4 Rff2 39. Rg4 Rfd2 40. h3 h5 41. Rg3 Rxb4 42. Rxe6 Rd7 43. Ra6 1/2-1/2